Schmitthoff's export trade : (Record no. 3970)

MARC details
000 -LEADER
fixed length control field 01093cam a22002772 4500
001 - CONTROL NUMBER
control field 0000019545
005 - DATE AND TIME OF LATEST TRANSACTION
control field 20151217145917.0
008 - FIXED-LENGTH DATA ELEMENTS--GENERAL INFORMATION
fixed length control field 110107s xx 000 0 eng d
020 ## - INTERNATIONAL STANDARD BOOK NUMBER
International Standard Book Number 9780421892804 :
040 ## - CATALOGING SOURCE
Original cataloging agency KABU
Transcribing agency KABU
245 10 - TITLE STATEMENT
Title Schmitthoff's export trade :
Remainder of title the law and practice of international trade.
250 ## - EDITION STATEMENT
Edition statement 11th ed. /
Remainder of edition statement Carole Murray ... [et al.].
260 ## - PUBLICATION, DISTRIBUTION, ETC. (IMPRINT)
Place of publication, distribution, etc. London :
Name of publisher, distributor, etc. Sweet & Maxwell,
Date of publication, distribution, etc. 2007.
300 ## - PHYSICAL DESCRIPTION
Extent cxxxv, 953 p.
650 #0 - SUBJECT ADDED ENTRY--TOPICAL TERM
Topical term or geographic name as entry element Export control
Geographic subdivision Great Britain.
-- 0000179301
650 #0 - SUBJECT ADDED ENTRY--TOPICAL TERM
Topical term or geographic name as entry element Foreign trade regulation
Geographic subdivision Great Britain.
-- 0000179302
700 1# - ADDED ENTRY--PERSONAL NAME
Personal name Murray, Carole.
-- 0000182244
852 1# - LOCATION
-- p3735 KES
852 1# - LOCATION
-- p3735 KES
852 1# - LOCATION
-- p3735 KES
852 1# - LOCATION
-- p3735 KES
852 1# - LOCATION
-- p9390 KES
852 1# - LOCATION
-- p6500 KES
908 ## - PUT COMMAND PARAMETER (RLIN)
Put command parameter 110107
950 ## - LOCAL HOLDINGS (RLIN)
-- 1
Holdings
Withdrawn status Lost status Source of classification or shelving scheme Not for loan Home library Current library Date acquired Total Checkouts Full call number Barcode Date last seen Date last checked out Price effective from Koha item type
    Library of Congress Classification   Kabarak, Main Campus Kabarak, Main Campus 17/12/2015 2 KD2463 .S36 2007 c. 2 21029 01/11/2016 05/10/2016 17/12/2015 General Collection
    Library of Congress Classification   Kabarak, Main Campus Kabarak, Main Campus 17/12/2015   KD2463 .S36 2007 c. 3 20996 17/12/2015   17/12/2015 General Collection
    Library of Congress Classification   Kabarak, Main Campus Kabarak, Main Campus 17/12/2015   KD2463 .S36 2007 c. 4 20997 17/12/2015   17/12/2015 General Collection
    Library of Congress Classification   Kabarak, Main Campus Kabarak, Main Campus 17/12/2015   KD2463 .S36 2007 c. 5 21028 17/12/2015   17/12/2015 General Collection
    Library of Congress Classification   Kabarak, Main Campus Kabarak, Main Campus 17/12/2015 3 KD2463 .S36 2007 c. 6 21027 30/10/2018 16/10/2018 17/12/2015 General Collection
    Library of Congress Classification   Kabarak, Main Campus Kabarak, Main Campus 17/12/2015 2 KD2463 .S36 2007 c. 1 23186 17/09/2018 23/08/2018 17/12/2015 General Collection
Designed with assistance from East African Informatics Ltd